Central Library and Information Centre
Sibsagar Girls' College, Sivasagar : Assam

MOLECULAR BIOLOGY AND BIOTECHNOLOGY : BASIC EXPERIMENTAL PROTOCOLS (Record no. 22082)

MARC details
000 -LEADER
fixed length control field 00473cam a2200169ua 4500
008 - FIXED-LENGTH DATA ELEMENTS--GENERAL INFORMATION
fixed length control field 170302n II |||gr||||Z||||||eng
040 ## - CATALOGING SOURCE
Original cataloging agency MAIN
041 ## - LANGUAGE CODE
-- English
082 ## - DEWEY DECIMAL CLASSIFICATION NUMBER
Classification number 660.6 BAN
245 ## - TITLE STATEMENT
Title MOLECULAR BIOLOGY AND BIOTECHNOLOGY : BASIC EXPERIMENTAL PROTOCOLS
260 ## - PUBLICATION, DISTRIBUTION, ETC.
Place of publication, distribution, etc. NEW DELHI:
Name of publisher, distributor, etc. THE ENERGY AND RESOURCES INSTITUTE (TERI,
Date of publication, distribution, etc. 2013.
300 ## - PHYSICAL DESCRIPTION
Extent 370:
Dimensions 22CM.
700 ## - ADDED ENTRY--PERSONAL NAME
Personal name BANSAL, M.P.,
Relator term AUTHOR.,
942 ## - ADDED ENTRY ELEMENTS (KOHA)
Koha item type Books
653 ## - INDEX TERM--UNCONTROLLED
Uncontrolled term BIOTECHNOLOGY
Holdings
Withdrawn status Lost status Damaged status Not for loan Collection code Home library Current library Shelving location Date acquired Total Checkouts Full call number Barcode Date due Date last seen Date last checked out Copy number Price effective from Koha item type Public note
        REFBOT Central Library and Information Centre Sibsagar Girls College Central Library and Information Centre Sibsagar Girls College BOTANY BOOK RACK 16.11.2016 1 660.6 BAN 33362 24.08.2021 09.08.2021 09.08.2021 1 27.02.2020 Books V
        REFBOT Central Library and Information Centre Sibsagar Girls College Central Library and Information Centre Sibsagar Girls College BOTANY BOOK RACK 16.11.2016   660.6 BAN 33363   27.02.2020   2 27.02.2020 Books V
        REFBOT Central Library and Information Centre Sibsagar Girls College Central Library and Information Centre Sibsagar Girls College BOTANY BOOK RACK 16.11.2016   660.6 BAN 33364   27.02.2020   3 27.02.2020 Books V


Sibsagar Girl's College © 2020. All rights reserved.
Powered by Koha.
Maintained by Abhijit Borpuzari.